| 000 | 00588nam a2200169Ia 4500 | ||
|---|---|---|---|
| 008 | 090201s9999 xx 000 0 und d | ||
| 010 | _aKPL-29542 | ||
| 040 | _bमराठी | ||
| 041 | _aमराठी | ||
| 082 |
_a32335 _b29542 |
||
| 100 | _aश्रीपाद महादेव माटे | ||
| 245 |
_aअस्पृष्यांचा प्रश्न _cश्रीपाद महादेव माटे |
||
| 260 |
_c2004 _bअ.ब.क. |
||
| 300 |
_a144 _bमोठा |
||
| 600 | _aअस्पृष्यांचा प्रश्न | ||
| 942 | _cBOOK | ||
| 999 |
_c230677 _d230677 |
||